000 00980 a2200289 4500
003 Nust
005 20170207154049.0
010 _a 2005041375
020 _a0824727819 (alk. paper)
040 _cNust
082 0 0 _a621.382/16
100 1 _aYamanaka, Naoaki.
245 1 0 _aGMPLS technologies :broadband backbone networks and systems(E-BOOK)
_cNaoaki Yamanaka, Kohei Shiomoto, Eiji Oki.
260 _aBoca Raton :
_bTaylor & Francis,
_c2006.
300 _a340 p. :
_bill. ;
_c23 cm.
490 1 _aOptical engineering ;
_v86
650 0 _aComputer networks
_xManagement.
650 0 _aInternet.
650 0 _aMPLS standard.
650 0 _aPacket switching (Data transmission)
650 0 _aTelecommunication
_xTraffic
_xManagement.
651 _aE-BOOK
700 1 _aOki, Eiji,
_d1969-
700 1 _aShiomoto, Kohei.
830 0 _aOptical engineering (Marcel Dekker, Inc.) ;
856 4 2 _3Publisher description
_uhttp://www.loc.gov/catdir/enhancements/fy0648/2005041375-d.html
942 _2ddc
_cBK
999 _c193040
_d193040